History Quiz / D-Day Order Speech by Eisenhower

Random History or Quote Quiz

Results

Quiz not verified by Sporcle

Challenge
Share
Tweet
Embed
Score 0/243 Timer 10:00
0 Plays Today
% Correct
a
96.1%
the
94.1%
the
94.1%
the
94%
the
94%
the
94%
the
94%
The
94%
the
94%
the
94%
The
94%
The
94%
the
94%
the
93.9%
the
93.9%
The
93.2%
the
93.2%
The
93.2%
the
93.1%
the
93.1%
I
90.6%
to
85.5%
to
85.5%
to
85.5%
to
85.5%
to
84.7%
We
81.3%
we
80.8%
of
79.5%
of
79.5%
of
79.5%
of
79.5%
of
79.5%
of
79.4%
of
79.4%
of
79.4%
of
78.8%
of
78.7%
of
78.7%
and
78.3%
and
78.3%
and
78.3%
and
78.2%
and
78.2%
and
78.2%
and
78.2%
and
78.2%
for
78.1%
you
77.7%
and
77.5%
and
77.4%
and
77.4%
you.
77.2%
you.
77.1%
You
77.1%
an
75.9%
an
75.8%
are
73.1%
are
72.4%
are
72.4%
be
72%
all
69.9%
in
68.9%
in
68.8%
in
68.8%
in
68.8%
in
68.8%
in
68.7%
in
68.3%
In
68.2%
on
67.8%
on
67.3%
will
66.2%
will
66.2%
will
66.2%
will
66.2%
world.
64.9%
world
64.9%
world
64.5%
German
64.3%
is
64%
% Correct
is
64%
men.
63.8%
men
63.7%
Force!
62.4%
Soldiers,
62.1%
great
61%
great
61%
great
60.9%
Great
60.9%
war
58.2%
war
58.2%
war
58.1%
have
57.5%
have
57.4%
have
57.4%
have
56.9%
fight
56.3%
Allied
56.2%
air
56.2%
air
56.2%
this
55.9%
this
55.9%
about
54.6%
about
54.3%
embark
53.9%
He
53.6%
free
53.5%
free
53.4%
God
52.7%
upon
52.5%
upon
52.5%
upon
52.5%
upon
52.5%
people
52.3%
man
51.7%
man.
51.7%
Sailors
50.2%
Our
49.6%
Our
49.5%
our
49.4%
our
49.1%
with
48.8%
with
48.8%
eyes
48.2%
Airmen
48.1%
us
48%
us
47.9%
not
47.1%
United
46.9%
Nazi
46.8%
Nazi
46.8%
Europe,
45.9%
Your
45.7%
Your
45.7%
your
45.6%
Expeditionary
45.2%
Allies
43.3%
Crusade,
43.3%
which
43%
enemy
42.8%
battle
42.4%
battle
42.3%
battle.
42.3%
these
41.5%
many
40%
one.
37.8%
months.
37.8%
machine,
37%
hopes
37%
victory.
36.2%
victory.
36.2%
has
35.7%
has
35.7%
has
35.7%
Nations
34.1%
liberty
34.1%
prayers
34%
But
32.9%
over
32.1%
striven
32%
Good
31.7%
% Correct
well
31.4%
well
31.3%
brave
31%
at
30.9%
trained,
30.7%
trained
30.7%
year
30.2%
task
30%
easy
29.6%
loving
29.1%
toward
29%
Almighty
28.2%
peoples
27.8%
march
27.3%
tyranny
26.5%
bring
26.3%
everywhere
26.3%
hardened.
26.1%
noble
25.7%
than
25.4%
arms
25.4%
their
25.3%
their
25.3%
destruction
25.2%
equipped,
24.7%
defeat
24.7%
brothers
24.7%
luck,
24.5%
other
24%
1944.
23.8%
fighting
23.2%
undertaking.
22.5%
home
22.3%
courage,
21.8%
ground.
21.3%
together
21.3%
1940-41.
21.1%
fronts
21.1%
Fronts,
21.1%
savagely.
20.3%
blessings
20.3%
Germans
20.1%
oppressed
20%
let
19.9%
duty,
19%
Much
18.9%
since
18.6%
confidence
18.4%
full
18%
full
18%
marching
17.8%
nothing
17.7%
less
17.6%
given
17.4%
beseech
17%
accept
16.6%
triumphs
16.4%
happened
15.9%
wage
15.8%
strength
15.8%
ourselves
15.6%
weapons
15.6%
security
15.3%
superiority
15%
open
14.6%
company
14.3%
skill
13.9%
inflicted
13.6%
tide
13.6%
elimination
13.4%
offensive
13%
turned.
12.9%
devotion
12.4%
reduced
11.6%
munitions
11.1%
reserves
10.9%
capacity
10.2%
overwhelming
10.1%
placed
8.2%
seriously
8.1%
disposal
8%
 
Number % Answered
243 (all)
3.5%
231-242
5.1%
219-230
2.2%
207-218
2.8%
195-206
2.3%
183-194
2.6%
171-182
2%
159-170
2.8%
147-158
4.9%
135-146
6.7%
123-134
9.6%
111-122
10.4%
99-110
6.9%
87-98
7.6%
75-86
5.9%
63-74
5%
51-62
5.8%
39-50
5.4%
27-38
4.1%
15-26
1.2%
3-14
2.4%
1-2
0.8%

You're not logged in!

Compare scores with friends on all Sporcle quizzes.
Sign Up with Email
OR
Log In

You Might Also Like...

Show Comments

Extras


Your Account Isn't Verified!

In order to create a playlist on Sporcle, you need to verify the email address you used during registration. Go to your Sporcle Settings to finish the process.